000 00455nam a2200181Ia 4500
005 20250923144542.0
008 008 250917s9999 xx 000 0 eng d
037 _aTextual
040 _aDSWL
_beng
_cDSWL
041 _aeng
_2eng
084 _qDSWL
100 _aCook, F.P.
_9826026
245 0 _aShift work
_cby F.P. Cook
260 _aLondon
_bIllstreet
_c1955
300 _a36p.
942 _cTEXL
999 _c1440398
_d1440398